000 00648nam a2200253Ia 4500
005 20260121161057.0
008 008 260114s9999 xx 000 0 eng d
020 _a9780203737422
037 _aEBOOK
040 _aCRL
040 _beng
040 _cCRL
041 _2eng
041 _aeng
084 _qCRL
100 _a Michael P. Polis
_91039918
245 0 _aSystems Modelling and Optimization Proceedings of the 18th IFIP TC7 Conference
260 _bTaylor and Francis
260 _c1999
856 _uhttp://www.taylorfrancis.com/books/9780203737422
942 _cEBOOK
999 _c1606734
_d1606734